00431nam a2200181Ia 4500003000900000008004100009040001300050040001300063041000800076100002400084245005300108250000900161260002800170260000900198300001000207490002600217490000600243IT-RoPAU120407s9999 xx 000 0 und d aIT-RoPAU cIT-RoPAU aita aGiovanni Crisostomo aIl dialogo del sacerdozio. Intr. di G. L. Perugi aRoma aPia Società San Paolo c1942 c18 cm aIl fiore dei Padri, 7 v1